003170000a220008500045001000021000007000024000212450144000450410013001897730029002021 aVari, Richard D.1 aBlackledge, Todd A.10aNew Curimatid, Cyphocharax laticlaviux (Ostariophysi, Characiformes), from Amazonian Ecuador, with a major range extension for C. gouldingi0 aInglés1 tCopeiah1q109-113d1996